Giới thiệu nội dung ôn tập, đề kiểm tra học kì và cuối năm môn hóa học lớp 11 :
Quyển sách giới thiệu các nội dung ôn tập cũng như các đề kiểm tra học kì và cuối năm môn hóa học lớp 11.
محفوظ في:
| المؤلف الرئيسي: | |
|---|---|
| التنسيق: | كتاب |
| اللغة: | Undetermined |
| منشور في: |
Hà Nội
Giáo dục Việt Nam
2012
|
| الموضوعات: | |
| الوسوم: |
إضافة وسم
لا توجد وسوم, كن أول من يضع وسما على هذه التسجيلة!
|
| Thư viện lưu trữ: | Trung tâm Học liệu Trường Đại học Cần Thơ |
|---|
| LEADER | 00925nam a2200217Ia 4500 | ||
|---|---|---|---|
| 001 | CTU_184784 | ||
| 008 | 210402s9999 xx 000 0 und d | ||
| 020 | |c 20000 | ||
| 082 | |a 540.712 | ||
| 082 | |b T502 | ||
| 100 | |a Vũ, Anh Tuấn | ||
| 245 | 0 | |a Giới thiệu nội dung ôn tập, đề kiểm tra học kì và cuối năm môn hóa học lớp 11 : | |
| 245 | 0 | |c Vũ Anh Tuấn, Lê Văn Khu | |
| 260 | |a Hà Nội | ||
| 260 | |b Giáo dục Việt Nam | ||
| 260 | |c 2012 | ||
| 520 | |a Quyển sách giới thiệu các nội dung ôn tập cũng như các đề kiểm tra học kì và cuối năm môn hóa học lớp 11. | ||
| 650 | |a Chemistry,Hóa học | ||
| 650 | |x Study and teaching (Secondary),Học và giảng dạy (trung học) | ||
| 904 | |i Nguyễn Thị Diệu | ||
| 980 | |a Trung tâm Học liệu Trường Đại học Cần Thơ | ||